| 000 | 00619nam a2200217Ia 4500 | ||
|---|---|---|---|
| 008 | 160803s9999 xx 000 0 und d | ||
| 020 | _a 978-0061146312 | ||
| 100 | _aSnicket, Lemony | ||
| 245 | 4 | _aThe reptile room / | |
| 245 | _cby Lemony Snicket ; illustrations by Brett Helquist. | ||
| 260 | _aNew York : | ||
| 260 | _bScholastic Inc. | ||
| 260 | _c2000 | ||
| 300 | _a190 pages : | ||
| 300 | _billustrations ; | ||
| 300 | _c20 cm. | ||
| 440 | _aA series of unfortunate events ; | ||
| 440 | _vbk. 2 | ||
| 500 | _aOriginally published: New York : HarperCollins Publishers, 1999. | ||
| 700 | _a1040 | ||
| 999 |
_c298673 _d298673 |
||